| Tag |
First Indicator |
Second Indicator |
Subfields |
| LEADER |
00000cam a2200000 4500 |
| 001 |
in00003845749 |
| 005 |
20190415182759.0 |
| 006 |
m o d |
| 007 |
cr |n||||||||n |
| 008 |
850320s1706 enk|||| o 00||||eng c |
| 035 |
|
|
|a (CU-RivES)N16352
|
| 035 |
|
|
|a (Uk-ES)006007017
|
| 035 |
|
|
|a (OCoLC)507984397
|
| 040 |
|
|
|a CU-RivES
|c CU-RivES
|d CStRLIN
|d Cengage Gale
|d UtOrBLW
|
| 245 |
0 |
3 |
|a An Account of what the act for collecting money on briefs, requires from all ministers and teachers in Protestant dissenting congregations.
|
| 264 |
|
1 |
|a [London?] :
|b [publisher not identified],
|c [1706?]
|
| 300 |
|
|
|a 1 online resource (2 pages)
|
| 336 |
|
|
|a text
|b txt
|2 rdacontent
|
| 337 |
|
|
|a computer
|b c
|2 rdamedia
|
| 338 |
|
|
|a online resource
|b cr
|2 rdacarrier
|
| 500 |
|
|
|a Drop-head title.
|
| 509 |
|
|
|a Publication date from MB
|
| 510 |
4 |
|
|a English Short Title Catalog,
|c N16352.
|
| 500 |
|
|
|a Reproduction of original from Boston Public Library.
|
| 500 |
|
|
|a Electronic resource.
|
| 650 |
|
0 |
|a Money
|z Great Britain
|v Early works to 1800.
|
| 650 |
|
0 |
|a Collectors and collecting
|z Great Britain
|v Early works to 1800.
|
| 655 |
|
7 |
|a Electronic books.
|2 local
|
| 710 |
2 |
|
|a Gale (Firm)
|0 http://id.loc.gov/authorities/names/no2008071348
|
| 752 |
|
|
|a Great Britain
|b England
|d London.
|
| 856 |
4 |
0 |
|u http://proxy.library.tamu.edu/login?url=http://find.galegroup.com/ecco/infomark.do?contentSet=ECCOArticles&docType=ECCOArticles&bookId=1459701100&type=getFullCitation&tabID=T001&prodId=ECCO&docLevel=TEXT_GRAPHICS&version=1.0&source=library&userGroupName=txshracd2898
|z Connect to the full text of this electronic book
|t 0
|
| 999 |
f |
f |
|s d6a35917-89b8-38ae-b9bf-fe3b9eccbf15
|i d7813d47-2ebf-3a3f-a076-a038fbaae69f
|t 0
|
| 952 |
f |
f |
|a Texas A&M University
|b College Station
|c Electronic Resources
|d Available Online
|t 0
|h No information provided
|
| 998 |
f |
f |
|t 0
|l Available Online
|